Statistics for Pokémon with the Ability Flame Body

Click here to take the quiz!

General Stats

  • This quiz has been taken 24 times
  • The average score is 14 of 16

Answer Stats

GenAnswer% Correct
IIMagcargo
100%
IPonyta
100%
IRapidash
100%
IISlugma
100%
IIMagby
92%
VIFletchinder
92%
IMagmar
92%
IVMagmortar
92%
IMoltres
92%
VITalonflame
92%
VChandelure
85%
VLampent
85%
VLarvesta
85%
VLitwick
85%
VVolcarona
85%
IVHeatran
62%

Score Distribution

Percentile by Number Answered

Percent of People with Each Score

Your Score History

You have not taken this quiz